Les arrières - rugbymen par images. - Statistiques

Statistiques générales
  • Ce quiz a été pris 88 fois
  • Le résultat moyen est 10 sur 20
Statistiques - réponses
Par images Hint Réponse % Correct
Thomas Ramos
99%
Melvyn Jaminet
97%
Ange Capuozzo
90%
Juan Cruz Mallia
74%
Blair Kinghorn
73%
Davit Niniashvili
64%
Kotaro Matsushima
57%
Leigh Halfpenny
57%
Will Jordan
49%
Hugo Keenan
44%
Willie le Roux
43%
Damian Willemse
40%
Liam Williams
39%
Elliot Daly
38%
Sireli Maqala
31%
Emiliano Boffelli
25%
Reece Hodge
17%
Freddie Stewart
12%
Charles Piutau
8%
Andrew Kellaway
6%
Aucun quiz correspondant
Distribution des résultats
% des personnes avec chaque résultat
Percentile par nombre de réponses
Votre historique - résultats
Vous n’avez pas pris ce quiz